000 01380nam2a22003491 4500
001 v19\rc\1405341
005 20250618102254.0
035 _a(NLR Aleph) 004534983
090 _a1923848
_c1923848
100 _a20060512d1873 |||y0rusy50 ca
101 0 _arus
102 _aRU
105 _aa z |||||
200 1 _aОбзор исторических карт, летопись и родословные росписи
210 _d1873
_aБ. м.
215 _a[120] с., 1 л. табл.
461 0 _1001v19\rc\1405340
_12001#$aИсторический атлас России$f[Соч.] Н.И. Павлищева$vЧ. 1
_1700#1$aПавлищев$bН.И.$f1802-1879$gНиколай Иванович
_91923839
_aПавлищев, Н. И. (1802-1879)
_cВильна
_d1873
_e2-е значит. пополненное изд. Ч. 1-
_f[Соч.] Н.И. Павлищева
_nтип. Окр. штаба
_tИсторический атлас России
_vЧ. 1
801 0 _aRU
_bNLR
_gpsbo
801 0 _aRU
_bRuMoRGB
_2psbo
801 1 _aRU
_bProSoft-M
_2rusmarc
852 _aNLR
_j18.11.2.9
899 _aRuMoRGB
_jОР
899 _aБАН
899 _aНБ СПбГУ
899 _aГПИБ
899 _aНБ МГУ
899 _aRuMoRGB
_jR 323/201
899 _aRuMoRGB
_jV 86/213
899 _aRuMoRGB
_jR 323/210
899 _aRuMoRGB
_jU 338/5
942 _cBOOK
980 _aNB